| 000 | 01336cam a2200325 i 4500 | ||
|---|---|---|---|
| 001 | 64309 | ||
| 003 | Mx-PuUPA | ||
| 005 | 20220920084226.0 | ||
| 008 | 151007s2020 mx ad grb 000 0 spa d | ||
| 020 | _z9786078631292 | ||
| 040 |
_aMx-PuUPA _bspa _eMx-PuUPA _cMx-PuUPA _drda |
||
| 041 | 0 | _aspa | |
| 245 | 1 | 3 |
_aLa Virgen de Guadalupe dolorosa : _bdesde una mirada multidisciplinaria / _cBeatriz Rodríguez Arroyo, Rocío Hitzel Fierro Trujillo, coordinadoras |
| 250 |
_aPrimera edicion / _bmarzo |
||
| 264 | 1 |
_aPuebla, México : _bUniversidad Popular Autónoma del Estado de Puebla, _c2020 |
|
| 300 |
_a142 páginas : _bilustraciones, diagramas ; _c23 cm |
||
| 336 |
_atexto _btxt _2rdacontent |
||
| 337 |
_asin medio _bn _2rdamedia |
||
| 338 |
_avolumen _bnc _2rdacarrier |
||
| 600 | 1 | 4 |
_aVirgen de Guadalupe _zMéxico _xArte _xHistoria |
| 600 | 1 | 4 |
_aVirgen María _xIconografía _xInvestigación |
| 600 | 1 | 4 |
_aVirgen de Guadalupe _xIconografía _xAnálisis |
| 600 | 1 | 4 |
_aVirgen de Guadalupe _xPintura mexicana |
| 700 | 1 |
_913205 _aRodríguez Arroyo, Beatriz, _ecoordinador |
|
| 700 | 1 |
_aFierro Trujillo, Rocío Hitzel, _ecoordinador |
|
| 942 |
_2ddc _cLI _h704.94855 _iV813 |
||
| 999 |
_c64309 _d64309 |
||